| 000 | 01395cam a22003857a 4500 | ||
|---|---|---|---|
| 003 | CHAP | ||
| 005 | 20220329142440.0 | ||
| 008 | 010228d2001 mx r 00110 spa d | ||
| 010 | _a83658 | ||
| 011 | _a84630 | ||
| 035 | _a95155 | ||
| 040 | _cCHAP | ||
| 090 | _aTesis | ||
| 100 | 0 | 0 |
_aEstrada Balbuena, Levi. _938352 |
| 245 | 1 | 0 |
_aAnálisis del comportamiento productivo de maíz y sorgo (1960-2000) y alternativas de solución a los problemas alimentarios _c/por Estrada Balbuena Levi y Gumeta Ramos Jaime. |
| 260 |
_aChapingo, Méx. : _bEl autor, _c2001. |
||
| 300 |
_a75 h. : _bcuads.; gráfs. |
||
| 502 | _aTesis (Ing. Agr. Esp. en Zootecnia) -- UACH. Departamento de Zootecnia. | ||
| 590 |
_aALEPH _b10 _c20130110 _lUCH01 _h1441 |
||
| 590 |
_aBATCH-UPD _b10 _c20130110 _lUCH01 _h0510 |
||
| 590 |
_aBATCH-UPD _b10 _c20130110 _lUCH01 _h2212 |
||
| 590 |
_aBATCH-UPD _b10 _c20130410 _lUCH01 _h0148 |
||
| 590 |
_aBATCH-UPD _b10 _c20130914 _lUCH01 _h0915 |
||
| 590 |
_aCONVERSION _b10 _c20130109 _lUCH01 _h1346 |
||
| 650 | 1 | 4 |
_aCereales _xConsumo. _921403 |
| 650 | 1 | 4 |
_aDesnutrición. _932165 |
| 650 | 1 | 4 |
_aMaíz _xProducción. _971041 |
| 650 | 1 | 4 |
_aSorgo _xProducción. _9108709 |
| 700 | 0 |
_aGumeta Ramos, Jaime. _951457 |
|
| 901 | _aBK | ||
| 905 | _aEdna Luz | ||
| 942 | _cFOLL | ||
| 949 |
_bBC _cTES _d33724000818340 _eTS2 _fc.2 _h37928 _i95155 _sb |
||
| 949 |
_bBC _cTES _d951551 _eTS1 _h37927 _i95155 _sb |
||
| 999 |
_c83658 _d83658 |
||